Drawings of Indian plants,FASC-5 (Record no. 6145)

MARC details
000 -LEADER
fixed length control field 00562nam a2200193Ia 4500
003 - CONTROL NUMBER IDENTIFIER
control field IN-BaIIA
008 - FIXED-LENGTH DATA ELEMENTS--GENERAL INFORMATION
fixed length control field 211028s9999 xx 000 0 eng d
040 ## - CATALOGING SOURCE
Transcribing agency IIA Library
080 ## - UNIVERSAL DECIMAL CLASSIFICATION NUMBER
Universal Decimal Classification number 58
Item number ROX-5
100 ## - MAIN ENTRY--PERSONAL NAME
Personal name Roxburgh, W
9 (RLIN) 10623
245 #0 - TITLE STATEMENT
Title Drawings of Indian plants,FASC-5
Statement of responsibility, etc. W. Roxburgh
260 ## - PUBLICATION, DISTRIBUTION, ETC.
Place of publication, distribution, etc. Calcutta
Name of publisher, distributor, etc. Botanical Survey of India
Date of publication, distribution, etc. 1971
300 ## - PHYSICAL DESCRIPTION
Extent 52p.
650 ## - SUBJECT ADDED ENTRY--TOPICAL TERM
Topical term or geographic name entry element Botany
9 (RLIN) 9995
650 ## - SUBJECT ADDED ENTRY--TOPICAL TERM
Topical term or geographic name entry element Drawings - plants
9 (RLIN) 10624
650 ## - SUBJECT ADDED ENTRY--TOPICAL TERM
Topical term or geographic name entry element Indian plants
9 (RLIN) 10625
650 ## - SUBJECT ADDED ENTRY--TOPICAL TERM
Topical term or geographic name entry element NASA thesaurus
942 ## - ADDED ENTRY ELEMENTS (KOHA)
Koha item type Books
Holdings
Withdrawn status Lost status Damaged status Not for loan Home library Current library Shelving location Date acquired Cost, normal purchase price Total Checkouts Full call number Barcode Date last seen Cost, replacement price Price effective from Koha item type Purchase Price
        IIA Library-Bangalore IIA Library-Bangalore General Stacks 16/03/1979 20.00   58/ ROX-5 6857 05/11/2021 20.00 16/03/1979 Books Rs. 20.00

Powered by Koha